LIBRARY & INFORMATION CENTRE, KCAET, TAVANUR

ONLINE PUBLIC ACCESS CATALOGUE (OPAC)

The English language in Modern Times (Since 1400) (Record no. 7770)

MARC details
000 -LEADER
fixed length control field 00322cam a2200121ua 4500
082 ## - DEWEY DECIMAL CLASSIFICATION NUMBER
Classification number 420.7
Item number SCH/EN
100 ## - MAIN ENTRY--AUTHOR NAME
Personal name Schlauch, Margraret .
245 ## - TITLE STATEMENT
Title The English language in Modern Times (Since 1400)
250 ## - EDITION STATEMENT
Edition statement 1 /
260 ## - PUBLICATION, DISTRIBUTION, ETC. (IMPRINT)
Place of publication London
Name of publisher Polish Scientific Publishers ,
Year of publication 1964.
300 ## - PHYSICAL DESCRIPTION
Number of Pages 316 ; .
942 ## - ADDED ENTRY ELEMENTS (KOHA)
Koha item type Reference
Holdings
Withdrawn status Lost status Damaged status Collection code Home library Current library Shelving location Date acquired Full call number Accession Number Koha item type Public note
Withdrawn     Reference KAUAET Malayalam University Reference 07/04/2012 420.7.SCH/EN 6475 Reference Transferred to Malayalam University
free website counter